00569nam a2200181Ia 4500003000900000008004100009020001800050040001600068080002100084245010200105260003500207300001500242650003100257650002500288650002100313700002700334700002600361IN-BaIIA211028s9999 xx 000 0 eng d a0-12-029308-0 cIIA Library a047.1:539bADV-8 0aAdvances in nuclear science and technologybvol. 8cedited by Ernest J. Henley and Jeffery Lewins aNew YorkbAcademic Pressc1975 axiv, 349p. a High energy interactions a Nuclear research  aNASA Thesaurus  aHenley, Ernest J., ed. aJeffery, Lewins., ed.